000 00367nam a2200145Ia 4500
008 100204s9999 xx 000 0 und d
082 _b20919
100 _aGEHANI H.D. & PAREKH
245 _aINORHANIC CHEMISTRY
260 _b"AAR SHRTH & CO, BOMBAY"
_c1972 6
300 _a546
630 _aINORHANIC CHEMISTRY
730 _aINORHANIC CHEMISTRY
942 _cBOOK
999 _c465655
_d465652